Smart Wastewater Technologies /

Guardado en:
Detalles Bibliográficos
Autor principal: Shah, Maulin P. (autor)
Formato: Libro
Idioma:Inglés
Publicado: Berlín, Alemania : De Gruyter Brill, 2025, c2025
Acceso en línea:Ver documento en línea
Etiquetas: Agrega una etiqueta
Sin etiquetas, Sé el primero en etiquetar este registro!

MARC

LEADER 00000nam^a22000000a04500
001 000631062
005 20260526000000.0
009 20260526154602.297
020 |a 9783110780055 
037 |a Acervo ITESO - Biblioteca 
041 |a ING 
082 |a Libro en línea 
100 |a Shah, Maulin P.  |e (autor) 
245 1 0 |a Smart Wastewater Technologies / 
264 4 |a Berlín, Alemania :  |b De Gruyter Brill,  |c 2025, c2025 
264 2 |a Berlín, Alemania :  |b De Gruyter Brill [distribución],  |c 2026 
300 |a 1 libro electrónico en línea ( p.) 
300 |a 1 recurso en línea 
336 |a datos para computadora  |b cod  |2 rdacontenido 
337 |a computadora  |b c  |2 rdamedio 
338 |a recurso en línea  |b cr  |2 rdasoporte 
506 0 |a Licencias ilimitadas 
521 |a De Gruyter Brill 2026 EEnlace Departamento de Procesos Tecnológicos e Industriales 
567 |a Catalogación rápida 
649 |a XX 
856 4 0 |u https://ezproxy.iteso.mx/login?url=https://www.degruyterbrill.com/isbn/9783110780055  |y Ver documento en línea 
910 |a Fondo General 
920 |a Electrónicos - Libros en Línea 
930 |a Plataforma Digital 
905 |a 205 
902 |a https://opac.biblio.iteso.mx/vufind/Record/000631062